[Event "BCF-chT3E 2223 (4NCL)"]
[Site "England"]
[Date "2023.04.29"]
[Round "9.45"]
[White "Van Kemenade, Rudy"]
[Black "Davies, Neil T"]
[Result "1-0"]
[WhiteElo "1936"]
[BlackElo "1837"]
[PlyCount "59"]
[EventDate "2022.11.05"]
[EventType "team-tourn"]
[EventRounds "11"]
[EventCountry "ENG"]
[SourceTitle "EXT 2024"]
[Source "ChessBase"]
[SourceDate "2023.10.10"]
[SourceVersion "1"]
[SourceVersionDate "2023.10.10"]
[SourceQuality "1"]
[WhiteTeam "Rhyfelwyr Essyllwg"]
[BlackTeam "Surbiton"]
[WhiteTeamCountry "ENG"]
[BlackTeamCountry "ENG"]

1. f4 e5 2. fxe5 d6 3. exd6 Bxd6 4. Nf3 Nf6 5. d4 0-0 6. g3 c5 7. c3 Qe7 8. Bg2 Re8 9. Bg5 cxd4 10. cxd4 Bb4+ 11. Nc3 h6 12. Bxf6 Qxf6 13. 0-0 Bxc3 14. bxc3 Qe7 15. Rf2 Nd7 16. Qd3 Qe3 17. Qxe3 Rxe3 18. Rc1 Nf6 19. Ne5 Ne4 20. Bxe4 Rxe4 21. Nxf7 Bg4 22. Rc2 Rf8 23. Nd6 Rxf2 24. Kxf2 Re7 25. e4 b6 26. e5 Bd7 27. c4 Re6 28. Re2 Kf8 29. d5 Rg6 30. e6 1-0

[Event "BCF-chT3E 2223 (4NCL)"]
[Site "England"]
[Date "2023.02.11"]
[Round "5.34"]
[White "Davies, Neil T"]
[Black "Graham, William M"]
[Result "1/2-1/2"]
[WhiteElo "1844"]
[BlackElo "1995"]
[PlyCount "158"]
[EventDate "2022.11.05"]
[EventType "team-tourn"]
[EventRounds "11"]
[EventCountry "ENG"]
[SourceTitle "EXT 2024"]
[Source "ChessBase"]
[SourceDate "2023.10.10"]
[SourceVersion "1"]
[SourceVersionDate "2023.10.10"]
[SourceQuality "1"]
[WhiteTeam "Surbiton"]
[BlackTeam "Sussex Martlets II"]
[WhiteTeamCountry "ENG"]
[BlackTeamCountry "ENG"]

1. d4 Nf6 2. Nf3 g6 3. g3 Bg7 4. Bg2 0-0 5. c4 d6 6. 0-0 Nc6 7. Nc3 Bg4 8. h3 Bxf3 9. Bxf3 Nd7 10. e3 e5 11. d5 Ne7 12. e4 f5 13. Be3 h6 14. Bg2 f4 15. Bd2 Kh7 16. g4 Bf6 17. f3 Bh4 18. Be1 Bxe1 19. Qxe1 g5 20. h4 a5 21. h5 Nc8 22. Qd2 Ncb6 23. b3 Qe7 24. Rfc1 Nf6 25. Qf2 Nbd7 26. Na4 b6 27. Bf1 Nc5 28. Nxc5 bxc5 29. a4 Qd7 30. Rc3 Rg8 31. Be2 Rab8 32. Rd1 Qf7 33. Kf1 Kg7 34. Ke1 Kf8 35. Kd2 Ke7 36. Kc2 Kd7 37. Kb2 Kc8 38. Ka2 Kb7 39. Rcd3 Ka6 40. R1d2 Rb4 41. Bd1 Rgb8 42. Rc3 Nd7 43. Qe2 Nb6 44. Qd3 Qe8 45. Re2 Qc8 46. Qc2 Nd7 47. Rd2 R8b7 48. Qd3 Ka7 49. Qc2 Nb8 50. Ka3 Na6 51. Qc1 R4b6 52. Rb2 Nb4 53. Rd2 Rb8 54. Rb2 Qb7 55. Rd2 Rd8 56. Bc2 c6 57. Qd1 cxd5 58. exd5 Nxc2+ 59. Qxc2 Qf7 60. Qe4 Rdb8 61. Re2 Rb4 62. Qc2 Qf6 63. Re4 R4b7 64. Ka2 Qf7 65. Re2 Qe8 66. Re4 Re7 67. Qc1 Rb4 68. Qc2 Ka6 69. Rd3 Qb8 70. Rc3 Qg8 71. Rd3 Qh7 72. Rc3 Rb8 73. Rd3 Rf8 74. Qe2 Rg7 75. Rc3 Qg8 76. Rd3 Qf7 77. Rc3 Qb7 78. Qc2 Qb4 79. Qc1 Qb7 1/2-1/2

[Event "IOM-ch"]
[Site "Douglas"]
[Date "2021.12.04"]
[Round "2"]
[White "Smith, Paul"]
[Black "Davies, Neil T"]
[Result "0-1"]
[WhiteElo "1667"]
[BlackElo "1819"]
[PlyCount "74"]
[EventDate "2021.12.03"]
[EventType "swiss"]
[EventRounds "6"]
[EventCountry "IOM"]
[SourceTitle "EXT 2023"]
[Source "ChessBase"]
[SourceDate "2022.10.05"]
[SourceVersion "1"]
[SourceVersionDate "2022.10.05"]
[SourceQuality "1"]

1. d4 c5 2. dxc5 e6 3. Be3 Nf6 4. c3 Ng4 5. Qd4 Nxe3 6. Qxe3 a5 7. b4 Na6 8. Qd2 axb4 9. cxb4 Qf6 10. Nc3 d5 11. Rb1 Be7 12. Nf3 0-0 13. a3 Nc7 14. a4 Bd7 15. a5 Rfd8 16. e3 e5 17. Be2 Bf5 18. Rb2 d4 19. exd4 exd4 20. Na4 d3 21. Bd1 Qe6+ 22. Qe3 Qxe3+ 23. fxe3 Bf6 24. Rb3 Re8 25. Kd2 Rad8 26. Rf1 Be6 27. Rxd3 Bc4 28. Be2 Bxd3 29. Bxd3 Nd5 30. e4 Nxb4 31. Ne1 Rxe4 32. Nc3 Bg5+ 33. Kd1 Re3 34. Ne2 Nxd3 35. Nxd3 Rexd3+ 36. Ke1 Rd1+ 37. Kf2 Be3+ 0-1

[Event "London CSC Weekend U2050 op 10th"]
[Site "London"]
[Date "2018.12.14"]
[Round "1"]
[White "Ramaiya, Anshu"]
[Black "Davies, Neil T"]
[Result "0-1"]
[WhiteElo "1931"]
[BlackElo "1717"]
[PlyCount "78"]
[EventDate "2018.12.14"]
[EventType "swiss"]
[EventRounds "5"]
[EventCountry "ENG"]
[SourceTitle "EXT 2020"]
[Source "ChessBase"]
[SourceDate "2019.10.17"]
[SourceVersion "1"]
[SourceVersionDate "2019.10.17"]
[SourceQuality "1"]

1. e4 e5 2. Nf3 Nc6 3. Bb5 a6 4. Ba4 Nf6 5. 0-0 Nxe4 6. d4 b5 7. Bb3 d5 8. dxe5 Be6 9. Bf4 Be7 10. a4 b4 11. Nbd2 Nc5 12. h3 0-0 13. c3 Nd3 14. Bg3 Nxb2 15. Qc2 Nc4 16. Bxc4 dxc4 17. cxb4 Nxb4 18. Qc3 Qd3 19. Rac1 Qxc3 20. Rxc3 Na2 21. Rc2 c3 22. Ne4 Bb3 23. Re2 Bc4 24. Rc2 Bb3 25. Re2 c2 26. Bf4 Ba3 27. Nd4 c1Q 28. Bxc1 Nxc1 29. Rxc1 Bxc1 30. Nxb3 Bf4 31. Nec5 Rfe8 32. Nd3 Rab8 33. Nxf4 Rxb3 34. Nd5 Rb1+ 35. Kh2 Rc1 36. Nb4 a5 37. Nd3 Rc3 38. Nb2 f6 39. e6 Rc6 0-1